Clic - Les BD d'humour - Statistiques

Statistiques générales
  • Ce quiz a été pris 214 fois
  • Le résultat moyen est 20 sur 30
Statistiques - réponses
Hint Réponse % Correct
Gaston (...) Lagaffe
100%
Lucky (...) Luke
94%
Boule & (...) Bill
93%
L'élève (...) Ducobu
93%
Astérix le (...) Gaulois
89%
Les aventures de Spirou et (...) Fantasio
86%
Les (...) bleues tuniques
84%
Kid (...) Paddle
79%
Les (...) hommes verts petits
79%
Les (...) Schtroumpfs
79%
Achille (...) Talon
79%
Les pieds (...) nickelés
76%
Les vieux (...) fourneaux
73%
(...) and the city Silex
73%
Les aventures de Vick & (...) Vicky
73%
Les (...) As 4
65%
Benoît (...) Brisefer
65%
Robin (...) Dubois
63%
Le petit (...) Spirou
63%
Agent (...) 212
60%
Les exploits d'(...) Verjus Odilon
57%
Quick & (...) Flupke
56%
Pierre (...) Tombal
49%
L'ours (...) Barnabé
47%
(...) Fricotin Bibi
42%
Les (...) grognards 3
41%
Les aventures de (...) Bill Chick
37%
Le grand (...) Duduche
35%
Modeste & (...) Pompon
31%
Les aventures du petit (...) Hugo
14%
Aucun quiz correspondant
Distribution des résultats
% des personnes avec chaque résultat
Percentile par nombre de réponses
Votre historique - résultats
Vous n’avez pas pris ce quiz